| 000 | 00378nam a2200157Ia 4500 | ||
|---|---|---|---|
| 008 | 230312s9999||||xx |||||||||||||| ||und|| | ||
| 020 | _a81-312-2364-2 | ||
| 082 |
_a617.51 _bDHI-D |
||
| 100 | _aDhingrra,P.L | ||
| 245 | 0 | _aDiseases of Ear,Nose,Throat | |
| 260 |
_bElsevier _aIndia _c2010 |
||
| 300 | _a486 | ||
| 546 | _aEng. | ||
| 650 |
_aMedical _vEar,Nose,Throat |
||
| 942 | _cBK | ||
| 999 |
_c5120 _d5120 |
||